[Event "HUN-chT2 Maroczy 0809"]
[Site "Hungary"]
[Date "2008.11.02"]
[Round "2"]
[White "Fodor, Istvan"]
[Black "Lengyel, Levente"]
[Result "1-0"]
[WhiteElo "2281"]
[BlackElo "2298"]
[PlyCount "47"]
[EventDate "2008.10.26"]
[EventType "team-tourn"]
[EventRounds "11"]
[EventCountry "HUN"]
[SourceTitle "EXT 2010"]
[Source "ChessBase"]
[SourceDate "2010.11.25"]
[SourceVersion "1"]
[SourceVersionDate "2010.11.25"]
[SourceQuality "1"]
[WhiteTeam "Husi"]
[BlackTeam "Hajduboszormeny"]
[WhiteTeamCountry "HUN"]
[BlackTeamCountry "HUN"]

1. d4 Nf6 2. c4 e6 3. Nc3 Bb4 4. Qc2 0-0 5. a3 Bxc3+ 6. Qxc3 b6 7. Bg5 Bb7 8. f3 h6 9. Bh4 d5 10. Rc1 Nbd7 11. cxd5 exd5 12. e3 Rc8 13. Bd3 c5 14. Ne2 Ne4 15. Bxd8 Nxc3 16. Bh4 Nxe2 17. Kxe2 cxd4 18. exd4 Rxc1 19. Rxc1 Rc8 20. Rxc8+ Bxc8 21. Kd2 Nf8 22. Kc3 Ne6 23. Bg3 Nd8 24. b4 1-0

[Event "HUN-chT 0102"]
[Site "Hungary"]
[Date "2001.09.30"]
[Round "1"]
[White "Medvegy, Zoltan"]
[Black "Lengyel, Levente"]
[Result "1-0"]
[WhiteElo "2430"]
[BlackElo "2310"]
[PlyCount "43"]
[EventDate "2001.??.??"]
[EventType "team"]
[EventRounds "11"]
[EventCountry "HUN"]
[SourceTitle "EXT 2004"]
[Source "ChessBase"]
[SourceDate "2003.11.25"]
[SourceVersion "1"]
[SourceVersionDate "2003.11.25"]
[SourceQuality "1"]

1. e4 e5 2. Nf3 Nf6 3. Nxe5 d6 4. Nxf7 Kxf7 5. Nc3 c5 6. Bc4+ Be6 7. Bxe6+ Kxe6 8. d4 Qb6 9. dxc5 Qxc5 10. Be3 Qc4 11. Qf3 Nc6 12. 0-0-0 Kf7 13. g4 Ne5 14. Qg2 Nexg4 15. Bd4 Ne5 16. f4 Nc6 17. e5 dxe5 18. fxe5 Rd8 19. exf6 Rxd4 20. fxg7 Bxg7 21. Rdf1+ Rf4 22. Nd5 1-0

[Event "HUN-chT 0001"]
[Site "Hungary"]
[Date "2001.02.04"]
[Round "6"]
[White "Dolgener, Tobias"]
[Black "Lengyel, Levente"]
[Result "1/2-1/2"]
[WhiteElo "2237"]
[BlackElo "2322"]
[PlyCount "74"]
[EventDate "2000.11.26"]
[EventType "team"]
[EventRounds "11"]
[EventCountry "HUN"]
[SourceTitle "EXT 2009"]
[Source "ChessBase"]
[SourceDate "2008.11.26"]
[SourceVersion "1"]
[SourceVersionDate "2008.11.26"]
[SourceQuality "1"]
[WhiteTeam "Penzugyor"]
[BlackTeam "Hajduboszormeny"]
[WhiteTeamCountry "HUN"]
[BlackTeamCountry "HUN"]

1. e4 d6 2. d4 Nf6 3. Nc3 e5 4. Nf3 Nbd7 5. Bc4 Be7 6. 0-0 0-0 7. Re1 c6 8. a4 b6 9. h3 Bb7 10. dxe5 dxe5 11. Qe2 a6 12. Bg5 b5 13. Ba2 Qc7 14. Nh4 Nc5 15. Nf5 Ne6 16. Bxf6 Bxf6 17. axb5 axb5 18. Bxe6 fxe6 19. Rxa8 Rxa8 20. Ne3 Rd8 21. Qg4 Qe7 22. Rd1 Bc8 23. Rxd8+ Qxd8 24. Qd1 Qxd1+ 25. Ncxd1 Bd8 26. b4 Be7 27. c3 c5 28. bxc5 Bxc5 29. Ng4 Bb7 30. Nxe5 Bxe4 31. Nb2 Bd6 32. Nbd3 Kf8 33. f3 Bb7 34. Kf2 Ke7 35. f4 Bc7 36. g4 Bb6+ 37. Ke2 Bd5 1/2-1/2

[Event "HUN-chT 0001"]
[Site "Hungary"]
[Date "2000.12.17"]
[Round "3"]
[White "Fancsy, Imre"]
[Black "Lengyel, Levente"]
[Result "1-0"]
[WhiteElo "2409"]
[BlackElo "2322"]
[PlyCount "41"]
[EventDate "2000.11.26"]
[EventType "team"]
[EventRounds "11"]
[EventCountry "HUN"]
[SourceTitle "EXT 2009"]
[Source "ChessBase"]
[SourceDate "2008.11.26"]
[SourceVersion "1"]
[SourceVersionDate "2008.11.26"]
[SourceQuality "1"]
[WhiteTeam "Sarospatak"]
[BlackTeam "Hajduboszormeny"]
[WhiteTeamCountry "HUN"]
[BlackTeamCountry "HUN"]

1. Nf3 Nf6 2. c4 e6 3. g3 d5 4. Bg2 dxc4 5. Qa4+ Nbd7 6. Qxc4 c5 7. d3 a6 8. Qb3 Ra7 9. a4 b6 10. Na3 Bb7 11. Nc4 Be7 12. e4 0-0 13. 0-0 Kh8 14. Re1 Ba8 15. Bf4 Rb7 16. Nd6 Rb8 17. Ng5 Kg8 18. Ndxf7 Rxf7 19. Nxe6 Qe8 20. Bxb8 Nxb8 21. e5 1-0

[Event "HUN-chT 9900"]
[Site "Hungary"]
[Date "2000.04.02"]
[Round "11"]
[White "Lengyel, Levente"]
[Black "Borocz, Istvan"]
[Result "1-0"]
[WhiteElo "2312"]
[BlackElo "2346"]
[PlyCount "72"]
[EventDate "1999.09.26"]
[EventType "team"]
[EventRounds "11"]
[EventCountry "HUN"]
[SourceTitle "EXT 2009"]
[Source "ChessBase"]
[SourceDate "2008.11.26"]
[SourceVersion "1"]
[SourceVersionDate "2008.11.26"]
[SourceQuality "1"]
[WhiteTeam "Hajduboszormeny"]
[BlackTeam "Pecs Karmin"]
[WhiteTeamCountry "HUN"]
[BlackTeamCountry "HUN"]

1. Nf3 Nf6 2. c4 g6 3. Nc3 Bg7 4. e4 d6 5. d4 0-0 6. Be2 e5 7. dxe5 dxe5 8. Qxd8 Rxd8 9. Bg5 c6 10. Nxe5 Re8 11. 0-0-0 Na6 12. Rd6 Be6 13. f4 Nc5 14. Bf3 Nh5 15. g4 f6 16. gxh5 fxg5 17. hxg6 gxf4 18. gxh7+ Kxh7 19. Ng4 Nd7 20. Kc2 Ne5 21. Nxe5 Bxe5 22. Rd2 Kh6 23. c5 b6 24. Rg1 bxc5 25. Rdg2 Rg8 26. Bg4 Bf7 27. b3 c4 28. Ne2 cxb3+ 29. axb3 Rab8 30. Nc1 c5 31. Be2 c4 32. bxc4 Rb2+ 33. Kd1 Rd8+ 34. Bd3 Bh5+ 35. Ke1 Bc3+ 36. Kf1 f3 1-0

[Event "HUN-chT 9900"]
[Site "Hungary"]
[Date "2000.03.26"]
[Round "10"]
[White "Mester, Gyula"]
[Black "Lengyel, Levente"]
[Result "1/2-1/2"]
[WhiteElo "2390"]
[BlackElo "2312"]
[PlyCount "32"]
[EventDate "1999.09.26"]
[EventType "team"]
[EventRounds "11"]
[EventCountry "HUN"]
[SourceTitle "EXT 2009"]
[Source "ChessBase"]
[SourceDate "2008.11.26"]
[SourceVersion "1"]
[SourceVersionDate "2008.11.26"]
[SourceQuality "1"]
[WhiteTeam "Sarospatak"]
[BlackTeam "Hajduboszormeny"]
[WhiteTeamCountry "HUN"]
[BlackTeamCountry "HUN"]

1. d4 Nf6 2. c4 e6 3. g3 d5 4. Bg2 Bb4+ 5. Bd2 Be7 6. Nf3 0-0 7. 0-0 c6 8. a4 a5 9. Ne5 Nbd7 10. Bf4 Nxe5 11. dxe5 Nd7 12. cxd5 exd5 13. e4 dxe4 14. Nc3 Nc5 15. Nxe4 Nxe4 16. Bxe4 Qxd1 1/2-1/2

[Event "Budapest FS10 GM"]
[Site "Budapest"]
[Date "1999.10.09"]
[Round "8"]
[White "Blatny, Pavel"]
[Black "Lengyel, Levente"]
[Result "1-0"]
[WhiteElo "2476"]
[BlackElo "2312"]
[PlyCount "83"]
[EventDate "1999.10.02"]
[EventType "tourn"]
[EventRounds "11"]
[EventCountry "HUN"]
[EventCategory "7"]
[SourceTitle "EXT 2000"]
[Source "ChessBase"]
[SourceDate "1999.11.16"]
[SourceVersion "1"]
[SourceVersionDate "1999.11.16"]
[SourceQuality "1"]

1. Nf3 Nf6 2. b3 d5 3. c4 c6 4. Bb2 Bg4 5. e3 e6 6. h3 Bxf3 7. Qxf3 Bd6 8. cxd5 cxd5 9. Bb5+ Nc6 10. 0-0 Rc8 11. Nc3 0-0 12. d4 Qe7 13. Rfc1 Ba3 14. Qe2 Rc7 15. Bd3 a6 16. Na4 Nd7 17. Rc3 Rfc8 18. Rac1 Bb4 19. R3c2 Bd6 20. e4 b5 21. exd5 exd5 22. Qxe7 Bxe7 23. Bf5 bxa4 24. Bxd7 Rxd7 25. Rxc6 Rxc6 26. Rxc6 axb3 27. axb3 h6 28. Rxa6 Rb7 29. Ba3 Bf6 30. Bc5 Rxb3 31. Rd6 Be7 32. Rxd5 Bxc5 33. Rxc5 Rd3 34. Rc4 Rd1+ 35. Kh2 Rd3 36. g3 g5 37. Kg2 Kg7 38. Kf1 Rd1+ 39. Ke2 Rh1 40. d5 Kf8 41. Re4 Ra1 42. Kd3 1-0

[Event "Budapest FS10 GM"]
[Site "Budapest"]
[Date "1999.10.06"]
[Round "5"]
[White "Lengyel, Levente"]
[Black "Vovsha, Eli"]
[Result "0-1"]
[WhiteElo "2312"]
[BlackElo "2289"]
[PlyCount "86"]
[EventDate "1999.10.02"]
[EventType "tourn"]
[EventRounds "11"]
[EventCountry "HUN"]
[EventCategory "7"]
[SourceTitle "EXT 2000"]
[Source "ChessBase"]
[SourceDate "1999.11.16"]
[SourceVersion "1"]
[SourceVersionDate "1999.11.16"]
[SourceQuality "1"]

1. Nf3 d5 2. d4 c5 3. c4 dxc4 4. e3 Nc6 5. Bxc4 cxd4 6. exd4 e6 7. 0-0 Nf6 8. Nc3 Be7 9. a3 0-0 10. Re1 a6 11. Bb3 Qd6 12. h3 Rd8 13. Be3 b5 14. Qe2 Bb7 15. Red1 Na5 16. Ba2 b4 17. axb4 Qxb4 18. Ne1 Nd5 19. Bd2 Qb6 20. Nf3 Nb3 21. Bxb3 Qxb3 22. Nxd5 Bxd5 23. Bc3 Qb5 24. Qxb5 axb5 25. Ne1 Bb3 26. Rxa8 Rxa8 27. Rb1 Ra2 28. f3 h5 29. Kf2 Bd5 30. Nd3 Ra4 31. Nf4 Ba2 32. Ra1 h4 33. Nd3 Bb3 34. Rxa4 Bxa4 35. Nb4 Bb3 36. Nc6 Bd6 37. Na7 Bc4 38. Nc6 Bg3+ 39. Kg1 f6 40. Nb4 Kf7 41. Nc2 Ke7 42. Ne3 Bd3 43. Nf1 Bf4 0-1

[Event "Budapest FS10 GM"]
[Site "Budapest"]
[Date "1999.10.04"]
[Round "3"]
[White "Lengyel, Levente"]
[Black "Vaulin, Alexander"]
[Result "1/2-1/2"]
[WhiteElo "2312"]
[BlackElo "2492"]
[PlyCount "86"]
[EventDate "1999.10.02"]
[EventType "tourn"]
[EventRounds "11"]
[EventCountry "HUN"]
[EventCategory "7"]
[SourceTitle "EXT 2000"]
[Source "ChessBase"]
[SourceDate "1999.11.16"]
[SourceVersion "1"]
[SourceVersionDate "1999.11.16"]
[SourceQuality "1"]

1. Nf3 c5 2. c4 Nc6 3. Nc3 Nd4 4. e3 Nxf3+ 5. Qxf3 g6 6. Qd1 Bg7 7. d4 Nf6 8. d5 d6 9. e4 0-0 10. Be2 e6 11. 0-0 exd5 12. exd5 Re8 13. Bd3 Ng4 14. h3 Ne5 15. Be2 f5 16. f4 Nd7 17. Bf3 Bxc3 18. bxc3 Nf6 19. Qd3 Bd7 20. Bd2 Ne4 21. Rfe1 Nxd2 22. Rxe8+ Qxe8 23. Qxd2 Qe7 24. Re1 Qh4 25. Kh2 Re8 26. Rxe8+ Bxe8 27. Qe3 Kf8 28. Bd1 Bd7 29. Bc2 Qd8 30. Qe1 Kf7 31. Bd3 Qa5 32. Qd2 Qa3 33. Be2 a6 34. Qc2 b5 35. cxb5 axb5 36. Qb3 Qc1 37. Bxb5 Qxf4+ 38. Kh1 Qc1+ 39. Kh2 Qf4+ 40. Kh1 Qc1+ 41. Kh2 Bxb5 42. Qxb5 Qf4+ 43. Kh1 Qc1+ 1/2-1/2

[Event "HUN-chT 9798"]
[Site "Hungary"]
[Date "1998.??.??"]
[Round "?"]
[White "Lengyel, Levente"]
[Black "Boros, Daniel"]
[Result "1-0"]
[WhiteElo "2330"]
[BlackElo "2255"]
[PlyCount "79"]
[EventDate "1997.??.??"]
[EventType "team"]
[EventRounds "12"]
[EventCountry "HUN"]
[SourceTitle "EXT 2000"]
[Source "ChessBase"]
[SourceDate "1999.11.16"]
[SourceVersion "1"]
[SourceVersionDate "1999.11.16"]
[SourceQuality "1"]

1. Nf3 Nf6 2. g3 g6 3. b3 Bg7 4. Bb2 0-0 5. Bg2 d6 6. d4 c6 7. 0-0 Qa5 8. Nbd2 Qh5 9. e4 Bh3 10. Bxh3 Qxh3 11. Ng5 Qh5 12. Qxh5 Nxh5 13. e5 Bh6 14. f4 Na6 15. Nc4 dxe5 16. dxe5 f6 17. Ne6 Rfe8 18. Rfe1 Ng7 19. exf6 exf6 20. Nxg7 Bxg7 21. Nd6 Red8 22. Nxb7 Rd2 23. Rac1 Bf8 24. Bc3 Rd5 25. Rcd1 Rb8 26. Na5 Rc5 27. Nc4 Nb4 28. Bxb4 Rxb4 29. Rd8 Rd5 30. Rc8 Rb7 31. Rxc6 Rf7 32. Kg2 g5 33. fxg5 fxg5 34. Rf1 Rxf1 35. Kxf1 Bc5 36. g4 Bf8 37. Ke2 Rd4 38. h3 Re4+ 39. Kf2 Kg7 40. Ne3 1-0

[Event "HUN-chT 9899"]
[Site "Hungary"]
[Date "1998.??.??"]
[Round "?"]
[White "Lengyel, Levente"]
[Black "Horvath, Peter"]
[Result "0-1"]
[WhiteElo "2320"]
[BlackElo "2425"]
[PlyCount "48"]
[EventDate "1998.??.??"]
[EventType "team"]
[EventRounds "12"]
[EventCountry "HUN"]
[SourceTitle "EXT 2000"]
[Source "ChessBase"]
[SourceDate "1999.11.16"]
[SourceVersion "1"]
[SourceVersionDate "1999.11.16"]
[SourceQuality "1"]

1. Nf3 Nf6 2. c4 g6 3. Nc3 Bg7 4. e4 0-0 5. d4 d6 6. Be2 c6 7. 0-0 a6 8. Rb1 b5 9. cxb5 axb5 10. b4 Nbd7 11. d5 Bb7 12. Qb3 Nb6 13. dxc6 Bxc6 14. e5 Ne4 15. Bxb5 Bb7 16. a3 Nxc3 17. Qxc3 dxe5 18. Bb2 Qd5 19. Qc5 Qe6 20. Rfe1 Bxf3 21. gxf3 Rac8 22. Qe3 Nd5 23. Qd2 Rfd8 24. Rbc1 Nc3 0-1

[Event "HUN-chT 9798"]
[Site "Hungary"]
[Date "1998.??.??"]
[Round "?"]
[White "Palkovi, Jozsef"]
[Black "Lengyel, Levente"]
[Result "1-0"]
[WhiteElo "2420"]
[BlackElo "2330"]
[PlyCount "91"]
[EventDate "1997.??.??"]
[EventType "team"]
[EventRounds "12"]
[EventCountry "HUN"]
[SourceTitle "EXT 2000"]
[Source "ChessBase"]
[SourceDate "1999.11.16"]
[SourceVersion "1"]
[SourceVersionDate "1999.11.16"]
[SourceQuality "1"]

1. e4 e5 2. Nf3 Nc6 3. Bc4 Nf6 4. d4 exd4 5. e5 Ne4 6. Bd5 Nc5 7. c3 dxc3 8. Nxc3 Ne6 9. h4 Be7 10. Qa4 0-0 11. Be3 d6 12. 0-0-0 Qe8 13. Qe4 Nxe5 14. Ng5 f5 15. Nxe6 fxe4 16. Nxc7+ Kh8 17. Nxe8 Rxe8 18. Bxe4 Nc6 19. Bg5 Bf8 20. Bf4 Rd8 21. Nb5 Be6 22. Nc7 Rac8 23. Nxe6 Nd4+ 24. Kb1 Nxe6 25. Bg3 Nc5 26. Bd5 a5 27. h5 Re8 28. Bf7 Re7 29. Bd5 Ree8 30. Rhe1 Rxe1 31. Rxe1 b5 32. Rd1 Be7 33. Bf3 Rd8 34. Re1 Bf8 35. Bh4 Rc8 36. Bg4 Rb8 37. Bf5 Kg8 38. g4 Ra8 39. g5 Rb8 40. f3 Ra8 41. f4 Rb8 42. Bg3 Rd8 43. Bh4 Rb8 44. Re2 b4 45. g6 hxg6 46. hxg6 1-0

[Event "Budapest FS10 IM-A"]
[Site "Budapest"]
[Date "1997.10.13"]
[Round "9"]
[White "Lengyel, Levente"]
[Black "Hoang, Thanh Trang"]
[Result "1/2-1/2"]
[WhiteElo "2335"]
[BlackElo "2350"]
[PlyCount "29"]
[EventDate "1997.10.05"]
[EventType "tourn"]
[EventRounds "13"]
[EventCountry "HUN"]
[EventCategory "7"]
[SourceTitle "CBM 061 Extra"]
[Source "ChessBase"]
[SourceDate "1998.03.09"]
[SourceVersion "1"]
[SourceVersionDate "1998.03.09"]
[SourceQuality "1"]

1. d4 f5 2. Nf3 g6 3. g3 Bg7 4. Bg2 Nf6 5. 0-0 0-0 6. b4 d6 7. Bb2 Qe8 8. c4 h6 9. Nbd2 g5 10. Qc2 Qh5 11. e3 Nc6 12. Qb3 Nd8 13. d5 Nf7 14. Nd4 a6 15. f4 1/2-1/2

[Event "Budapest FS10 IM-A"]
[Site "Budapest"]
[Date "1997.10.12"]
[Round "8"]
[White "Gorbatov, Alexej"]
[Black "Lengyel, Levente"]
[Result "1-0"]
[WhiteElo "2420"]
[BlackElo "2335"]
[PlyCount "59"]
[EventDate "1997.10.05"]
[EventType "tourn"]
[EventRounds "13"]
[EventCountry "HUN"]
[EventCategory "7"]
[SourceTitle "CBM 061 Extra"]
[Source "ChessBase"]
[SourceDate "1998.03.09"]
[SourceVersion "1"]
[SourceVersionDate "1998.03.09"]
[SourceQuality "1"]

1. Nf3 Nf6 2. c4 c5 3. d4 cxd4 4. Nxd4 e6 5. a3 Nc6 6. Nc3 Nxd4 7. Qxd4 b6 8. Qf4 Bb7 9. e4 d6 10. Be2 Be7 11. 0-0 0-0 12. Rd1 Qb8 13. b3 Rd8 14. Bb2 Bc6 15. Qg3 Bf8 16. Bf3 Nd7 17. Rab1 a6 18. a4 Nc5 19. Ba1 Qc7 20. Re1 Rac8 21. h4 g6 22. h5 Bg7 23. Qh4 Re8 24. h6 Be5 25. Nd5 exd5 26. Bxe5 f6 27. Ba1 g5 28. Qg3 d4 29. Bxd4 Qe7 30. Bg4 1-0

[Event "Budapest FS10 IM-A"]
[Site "Budapest"]
[Date "1997.10.07"]
[Round "3"]
[White "Held, Markus"]
[Black "Lengyel, Levente"]
[Result "1/2-1/2"]
[WhiteElo "2315"]
[BlackElo "2335"]
[PlyCount "21"]
[EventDate "1997.10.05"]
[EventType "tourn"]
[EventRounds "13"]
[EventCountry "HUN"]
[EventCategory "7"]
[SourceTitle "CBM 061 Extra"]
[Source "ChessBase"]
[SourceDate "1998.03.09"]
[SourceVersion "1"]
[SourceVersionDate "1998.03.09"]
[SourceQuality "1"]

1. e4 c6 2. d4 d5 3. e5 Bf5 4. Nf3 e6 5. Be2 c5 6. 0-0 Nd7 7. c3 Ne7 8. Be3 Nc6 9. a3 a5 10. a4 Be7 11. Na3 1/2-1/2

[Event "HUN-chT playoff"]
[Site "Budapest"]
[Date "1997.05.01"]
[Round "?"]
[White "Karolyi, Tibor Jr"]
[Black "Lengyel, Levente"]
[Result "1/2-1/2"]
[WhiteElo "2390"]
[BlackElo "2330"]
[PlyCount "39"]
[EventDate "1997.04.30"]
[EventType "team"]
[EventRounds "3"]
[EventCountry "HUN"]
[SourceTitle "EXT 2006"]
[Source "ChessBase"]
[SourceDate "2005.11.24"]
[SourceVersion "1"]
[SourceVersionDate "2005.11.24"]
[SourceQuality "1"]
[WhiteTeam "Miskolc"]
[BlackTeam "Budapest MTK"]
[WhiteTeamCountry "HUN"]
[BlackTeamCountry "HUN"]

1. d4 Nf6 2. c4 e6 3. Nf3 d5 4. Nc3 c5 5. cxd5 Nxd5 6. e4 Nxc3 7. bxc3 cxd4 8. cxd4 Bb4+ 9. Bd2 Bxd2+ 10. Qxd2 0-0 11. Bc4 Nc6 12. 0-0 b6 13. Rad1 Na5 14. Bd3 Bb7 15. Rfe1 Rc8 16. d5 Qe7 17. Qf4 Nc4 18. Rc1 b5 19. Bxc4 Rxc4 20. Rxc4 1/2-1/2

[Event "HUN-chT 9697"]
[Site "Hungary"]
[Date "1997.??.??"]
[Round "7"]
[White "Lengyel, Levente"]
[Black "Gemesi, Andras"]
[Result "0-1"]
[WhiteElo "2350"]
[BlackElo "2195"]
[PlyCount "58"]
[EventDate "1996.??.??"]
[EventType "team"]
[EventRounds "12"]
[EventCountry "HUN"]
[SourceTitle "EXT 2006"]
[Source "ChessBase"]
[SourceDate "2005.11.24"]
[SourceVersion "1"]
[SourceVersionDate "2005.11.24"]
[SourceQuality "1"]
[WhiteTeam "Budapest MTK"]
[BlackTeam "Matador"]
[WhiteTeamCountry "HUN"]
[BlackTeamCountry "HUN"]

1. Nf3 Nf6 2. c4 c6 3. d4 d5 4. Nc3 dxc4 5. a4 Bf5 6. e3 e6 7. Bxc4 Bb4 8. 0-0 0-0 9. Nh4 Bg4 10. f3 Bh5 11. g4 Nd5 12. Ng2 Bg6 13. Bd2 Nb6 14. Be2 c5 15. Be1 cxd4 16. exd4 Nc6 17. Bf2 Qe7 18. Qc1 Rfd8 19. d5 exd5 20. Nf4 d4 21. Nxg6 hxg6 22. Ne4 d3 23. Bd1 Rac8 24. Qb1 Nc4 25. Qa2 Nd4 26. Kg2 Nc2 27. Bxc2 dxc2 28. Rac1 Nd2 29. Rfe1 Nxf3 0-1

[Event "HUN-chT 9697"]
[Site "Hungary"]
[Date "1997.??.??"]
[Round "12"]
[White "Tompa, Janos"]
[Black "Lengyel, Levente"]
[Result "1/2-1/2"]
[WhiteElo "2455"]
[BlackElo "2350"]
[PlyCount "28"]
[EventDate "1996.??.??"]
[EventType "team"]
[EventRounds "12"]
[EventCountry "HUN"]
[SourceTitle "EXT 2006"]
[Source "ChessBase"]
[SourceDate "2005.11.24"]
[SourceVersion "1"]
[SourceVersionDate "2005.11.24"]
[SourceQuality "1"]
[WhiteTeam "Elektromos"]
[BlackTeam "Budapest MTK"]
[WhiteTeamCountry "HUN"]
[BlackTeamCountry "HUN"]

1. Nf3 d5 2. g3 c6 3. Bg2 Bg4 4. b3 e6 5. Bb2 Nd7 6. c4 Ngf6 7. 0-0 a5 8. d3 Be7 9. a3 0-0 10. Nbd2 Bd6 11. h3 Bh5 12. d4 Qb8 13. Rc1 b5 14. cxd5 cxd5 1/2-1/2

[Event "HUN-chT 9596"]
[Site "Hungary"]
[Date "1996.??.??"]
[Round "12"]
[White "Korpics, Zsolt"]
[Black "Lengyel, Levente"]
[Result "1/2-1/2"]
[WhiteElo "2315"]
[BlackElo "2365"]
[PlyCount "21"]
[EventDate "1995.??.??"]
[EventType "team"]
[EventRounds "13"]
[EventCountry "HUN"]
[SourceTitle "EXT 2000"]
[Source "ChessBase"]
[SourceDate "1999.11.16"]
[SourceVersion "1"]
[SourceVersionDate "1999.11.16"]
[SourceQuality "1"]

1. e4 e6 2. d4 d5 3. exd5 exd5 4. Bd3 Bd6 5. Qf3 Ne7 6. Ne2 0-0 7. 0-0 Nbc6 8. c3 Ng6 9. Nf4 Nce7 10. Be3 c6 11. Nd2 1/2-1/2

[Event "HUN-chT 9596"]
[Site "Hungary"]
[Date "1996.??.??"]
[Round "11"]
[White "Lengyel, Levente"]
[Black "Horvath, Peter"]
[Result "0-1"]
[WhiteElo "2365"]
[BlackElo "2365"]
[PlyCount "111"]
[EventDate "1995.??.??"]
[EventType "team"]
[EventRounds "13"]
[EventCountry "HUN"]
[SourceTitle "EXT 2000"]
[Source "ChessBase"]
[SourceDate "1999.11.16"]
[SourceVersion "1"]
[SourceVersionDate "1999.11.16"]
[SourceQuality "1"]

1. d4 Nf6 2. Nf3 e6 3. c4 Bb4+ 4. Bd2 Qe7 5. g3 Nc6 6. Nc3 0-0 7. Bg2 d6 8. d5 Nb8 9. dxe6 fxe6 10. 0-0 a5 11. Qc2 Nbd7 12. Na4 c6 13. Rac1 d5 14. c5 Bxd2 15. Nxd2 Ra6 16. Qb3 Kh8 17. e4 dxe4 18. Nxe4 Nxe4 19. Bxe4 Nf6 20. Bg2 e5 21. Nb6 Be6 22. Qc3 Bd5 23. Rce1 Re8 24. Qa3 e4 25. Qc3 h5 26. b3 h4 27. Qd4 Qe6 28. Qe3 Qf5 29. h3 Qe5 30. g4 Qe6 31. f4 Nd7 32. Nxd7 Qxd7 33. Qf2 Qe7 34. g5 Kg8 35. Kh1 a4 36. Qxh4 g6 37. Qg3 axb3 38. axb3 Qxc5 39. Qe3 Qxe3 40. Rxe3 Ra3 41. Rb1 b5 42. Kg1 Kg7 43. Kf2 Re7 44. b4 Ra2+ 45. Kg3 Rd2 46. h4 Rd4 47. f5 gxf5 48. Kf4 Rd2 49. Bh3 Rf7 50. h5 Rf2+ 51. Kg3 f4+ 52. Kxf2 fxe3+ 53. Ke1 Rf3 54. Bg2 Rg3 55. Kf1 Rxg5 56. Re1 0-1

[Event "Budapest FS09 GM"]
[Site "Budapest"]
[Date "1995.??.??"]
[Round "12"]
[White "Acs, Peter"]
[Black "Lengyel, Levente"]
[Result "1/2-1/2"]
[WhiteElo "2370"]
[BlackElo "2365"]
[PlyCount "45"]
[EventDate "1995.09.??"]
[EventType "tourn"]
[EventRounds "14"]
[EventCountry "HUN"]
[EventCategory "6"]
[SourceTitle "EXT 1997"]
[Source "ChessBase"]
[SourceDate "1996.11.15"]
[SourceVersion "1"]
[SourceVersionDate "1996.11.15"]
[SourceQuality "1"]

1. e4 d6 2. d4 Nf6 3. Nc3 e5 4. dxe5 dxe5 5. Qxd8+ Kxd8 6. Bc4 Be6 7. Bxe6 fxe6 8. Bg5 Bd6 9. 0-0-0 Ke7 10. Nge2 h6 11. Bxf6+ gxf6 12. g3 Nc6 13. f4 exf4 14. gxf4 Rhg8 15. Rhg1 Rxg1 16. Rxg1 Kf7 17. Rg3 a6 18. Rh3 Rh8 19. Nd1 Ne7 20. c3 Ng6 21. Rf3 Nh4 22. Rf1 Bc5 23. Kc2 1/2-1/2